000 00361nam a2200121Ia 4500
005 20251222154427.0
008 251222s9999||||xx |||||||||||||| ||spa||
020 _a978-9972-835-14-8
082 _a339.46/P78
100 _a"Portocarrero, FelipeVásquez, EnriqueYamada, Gustavo, eds."
245 0 _aPoléticas sociales en el Perú: Nuevos desafíos
942 _cLIB
999 _c36275
_d36275